| 000 | 00609nam a2200229Ia 4500 | ||
|---|---|---|---|
| 003 | OSt | ||
| 005 | 20221007072251.0 | ||
| 006 | a|||||r|||| 00| 0 | ||
| 007 | ta | ||
| 008 | 221006b |||||||| |||| 00| 0 eng d | ||
| 024 | _a27,318 | ||
| 037 | _cTextual | ||
| 040 |
_aFLL _cFLL _beng |
||
| 041 |
_2eng _aeng |
||
| 082 | _aZ595z7, H5 | ||
| 100 | _aGutteridge H.C. | ||
| 245 | 0 | _aStudies in polish and comparative law | |
| 260 |
_aLondon _bStevens & Sons , Limited UK _c1945 |
||
| 300 |
_avii,274p _ccm. |
||
| 942 |
_hZ595z7, H5 _cTEXL _2CC |
||
| 999 |
_c1145586 _d1145586 |
||